00820nabaa22001697a 4500003000400000005001700004008004100021040000700062100003400069245010900103300001500212500003700227505014900264505008900413650002700502773012100529OSt20260130200316.0190701b xxu||||| |||| 00| 0 spa d cPJ aPalacios Vallejos, Ramiro C. 10aDesregulación de colegios profesionales : buna iniciativa disvaliosa /cRamiro C. Palacios Vallejos.  ap. 108-116 aCita: TR LALEY AR/DOC/2594/2025  aSumario: I. Introducción.— II. Relación de hechos y antecedentes.— III. Normativa aplicable y análisis del caso.— IV. Conclusión.  t¿Te interesa el texto completo? Comunicate al correo: koha@justierradelfuego.gov.ar 0aDERECHO ADMINISTRATIVO0 02842dBuenos Aires : AbeledoPerrot, 2012-oDA121tDerecho administrativo. Nº 162 noviembre/diciembre 2025z18510590